01233nam a2200301 a 4500001001000000005001700010041000800027044000800035084002000043100004500063245006500108260007600173300003700249440003200286500006000318500005000378500012400428500004000552500001000592546002400602650005200626650005600678650003400734650004500768700003400813700003400847740005000881BRCA_342820190320204258.0 aeng aenk a717b.J33c19501 aCervantes Saavedra, Miguel ded1547-161610aStories from Don QuixotecTold to the Children by John Lanc. aLondres : Nueva YorkbT. C. and E. C. Jack : E. P. Dutton and Co.c1950 avii, 120 p.bil. a colorc15 cm. 0aTold to the Children Series aContenido : Serie de episodios quijotescos compendiados aEdición : With Pictures by F. M. B. Blaikie aEjemplar por completo igual al anterior [716]. Tela; cubierta adornada con un asunto quijotil en color Lúdovik Osterc aIncluye índice : De ilustraciones aQMB30 aTexto en : inglés14aNovela españolayÉpoca clásica, 1500-170014aLiteratura españolayÉpoca clásica, 1500-170014aNovela españolaySiglo XVII14aDon Quijote (Personaje ficticio)eNovela1 aLanc, Johnd1816-1864eEditor1 aBlaikie, F. M. B.eIlustrador0 aEl Ingenioso Hidalgo Don Quijote de la Mancha